000 00453cam a2200181ua 4500
001 1957
008 110806n ii |||gr||||Z||||||asm
040 _cMAIN
082 _a370.1
100 _aAkhtar, Praveen.,
_eAuthor.
245 1 _aPrarambhik shiksha H. S. 2nd yr
_cby Praveen Akhtar
250 _a2nd.
260 _aGuahati:
_bAssam book Depot,995.
300 _a157p:
_c23cm.
653 _aEducation
653 _aPrarambhik shiksha
942 _cBK
999 _c1832
_d1832